| 000 | 00900cam a2200265 a 4500 | ||
|---|---|---|---|
| 001 | 4116 | ||
| 005 | 20240607112721.0 | ||
| 020 | _a0516228838 | ||
| 040 |
_aDLC _cDLC _dDLC _beng |
||
| 050 | 0 | 0 | _aPZ7.N295 |
| 082 | 0 | 0 | _a468 |
| 100 | 1 | _aNeasi, Barbara J | |
| 245 | 1 | 0 |
_aSo many me's / _cwritten by Barbara J. Neasi ; illustrated by Ana Ochoa |
| 260 |
_aNew York : _bChildren's Press, _c2003 |
||
| 300 |
_a31 pages : _bcolor illustrations ; _c19 cm. |
||
| 490 | _aA Rookie Reader | ||
| 505 | _aF | ||
| 520 | _aA girl contemplates the many different roles she plays in her family and community, including daughter, granddaughter, sister, cousin, student, patient, and friend. | ||
| 521 |
_a350
_bLexile |
||
| 521 |
_aF
_bRaz-Plus |
||
| 650 | 1 |
_aIdentity _vFiction. |
|
| 700 | 1 |
_aOchoa, Ana _eillustrator |
|
| 906 |
_a7 _bcbc _corignew _d1 _eecip _f20 _gy-gencatlg |
||
| 942 |
_2ddc _cBK _n0 |
||
| 999 |
_c4116 _d4116 |
||